| 000 | 05851nam a22004817a 4500 | ||
|---|---|---|---|
| 005 | 20120210113627.0 | ||
| 010 | _aB-473345-364 | ||
| 020 |
_c275.00 _a9788189934699 |
||
| 035 | _aB-473345-364 | ||
| 037 | _bब्लूबेरी बुक्स | ||
| 082 | _aक | ||
| 100 |
_aगीता धर्मराजन _950754 |
||
| 245 |
_aअरे नही! फिर नही! / _cगीता धर्मराजन;राजीव आइप द्वारा चित्राँकित; रीना टंडन द्वारा अनुदित |
||
| 260 |
_aनई दिल्ली _bकथा वर्ल्ड लाइब्रेरी _c2011 |
||
| 270 |
_aए-3 सर्वोदय एनक्लेव, श्री औरोबिन्दो मार्ग _bनई दिल्ली _e110017 |
||
| 300 |
_aअ.पृ. _bसचित्र _c28सेमी (सजिल्द) |
||
| 700 |
_941293 _aराजीव आइप |
||
| 700 |
_941305 _aटंडन, रीना |
||
| 700 | _941360 | ||
| 942 |
_2ddc _cCH _hक _mगीताध |
||
| 999 |
_c62464 _d62464 |
||